000 02196nam0a2200505 4500
001 RU\NLR\bibl\1263023
005 20260405161300.0
010 _a978-5-88210-408-4
_91000
021 _aRU
_b2008-49066
_92714
035 _a(nilc)EL/0000189157
035 _aRU/Алтайская КУНБ/IBIS/056916
035 _a(NLR Aleph) 001249002
090 _a306946
_c306946
100 _a20080325d2008 |||y0rusy50 ca
101 0 _arus
_deng
_eeng
102 _aRU
105 _aa |||||||||
200 1 _aДеревня и крестьянство Алтайского края в XX веке
_dThe village and the peasantry of the Altai territory in the XXth century
_eустная история
_eмонография
_fТ. К. Щеглова
_zeng
210 _aБарнаул
_cБГПУ
_d2008
215 _a526, [1] с.
_cил., портр.
_d21
300 _aАвт. также на англ. яз.: T.K. Shcheglova
300 _aРез. на англ. яз.
320 _aБиблиогр. в конце гл. и в подстроч. прим.
510 0 _6z11790
_aThe village and the peasantry of the Altai territory in the XXth century
_zeng
606 1 _aКрестьянство
_yАлтайский край
_z20 в.
_92522724
_3RU\NLR\auth\661494782
606 1 _a"Устная история"
_91216311
_3RU\NLR\auth\66494355
610 1 _aДЕРЕВНЯ
610 1 _aСОЦИАЛЬНАЯ ИСТОРИЯ
610 1 _aКОЛЛЕКТИВИЗАЦИЯ
610 1 _aКОЛХОЗЫ
610 1 _aПОВСЕДНЕВНАЯ ЖИЗНЬ
610 1 _aДЕПОРТАЦИЯ
610 1 _aРАСКУЛАЧИВАНИЕ
620 _dБарнаул
686 _a63.3(253.37)6ю
_vLBC/SL
_2rubbk
686 _a03.81.37
_2rugasnti
686 _aТ3(2)7-283
700 1 _4070
_7ca
_8rus
_aЩеглова
_bТ. К.
_gТатьяна Кирилловна
_950714
_3RU\NLR\auth\7767786
790 1 _4070
_7ba
_8rus
_aŠčeglova
_bT. K.
_gTat'jana Kirillovna
_950716
_3RU\NLR\auth\7767788
801 0 _aRU
_bАлтайская КУНБ
_c20080325
_gRCR
801 1 _aRU
_bАлтайская КУНБ
_c20080423
801 2 _aRU
_bNLR
_c20080818
_grcr
942 _cBOOK
980 _aNB